000
00317nam a22001337a 4500
999
_c
148125
_d
148125
020
_a
082
_a
_b
100
_a
Sudheesh V R
245
_a
Pranaya pusthakam:
_b
malayalathintae pranaya vikarangal/
_c
by Sudheesh V R.
260
_a
_b
Orange Publications,
_c
2007.
300
_a
650
_a
942
_c
BK